|
|
|
|
| LEADER |
01314nam a22003257i 4500 |
| 001 |
38676 |
| 003 |
BD-DhAAL |
| 005 |
20260128112026.0 |
| 008 |
220526t2013 bg 000 0 eng |
| 010 |
|
|
|a 2014355780
|
| 020 |
|
|
|a 9789845061377
|
| 025 |
|
|
|a B-E-2014-355780; 11
|
| 037 |
|
|
|b Library of Congress -- New Delhi Overseas Office
|
| 040 |
|
|
|a DLC
|b eng
|c DLC
|e rda
|d DLC
|d BD-DhAAL
|
| 042 |
|
|
|a lcode
|
| 050 |
0 |
0 |
|a MLCM 2015/00006 (P)
|
| 082 |
|
|
|a 821.92
|2 23
|
| 100 |
1 |
|
|a Saaz, Sadaf,
|e author.
|9 48756
|
| 245 |
1 |
0 |
|a Sari reams /
|c Sadaf Saaz.
|
| 260 |
|
|
|a Dhaka :
|b University Press Limited,
|c 2013.
|
| 300 |
|
|
|a xiii, 58 pages ;
|c 24 cm +
|e 1 sound disc (4 3/4 in.)
|
| 500 |
|
|
|a Poems.
|
| 541 |
|
|
|a Donated By Akbar Ali Khan
|e 38676
|
| 650 |
|
|
|a Monologues with music.
|9 48757
|
| 655 |
|
|
|a Bangladeshi poetry (English).
|9 48758
|
| 852 |
|
|
|a Ayesha Abed Library
|c Akbar Ali Khan Collection
|
| 942 |
|
|
|2 ddc
|c BK
|
| 999 |
|
|
|c 44251
|d 44251
|
| 952 |
|
|
|0 0
|1 0
|2 ddc
|4 0
|6 821_920000000000000_SAA
|7 1
|9 70720
|a BRACUL
|b BRACUL
|c AAKC
|d 2022-05-26
|e Donated by Akbar Ali Khan
|l 0
|o 821.92 SAA
|p 3010038676
|r 2022-05-26
|t 1
|w 2022-05-26
|y BK
|
| 952 |
|
|
|0 0
|1 0
|2 ddc
|4 0
|6 821_920000000000000_SAA
|7 1
|9 70725
|a BRACUL
|b BRACUL
|d 2022-05-26
|e Donated by Akbar Ali Khan
|l 1
|o 821.92 SAA
|p 4010038676
|r 2022-05-26
|s 2022-05-26
|t 1
|w 2022-05-26
|y AV
|